00529nam a2200169Ia 4500001001000000003000500010008004100015010001100056040000900067082001700076100002300093245014200116260003100258300001100289650003200300650002700332Para_8997CHAP220125s2005 xx 000 0 und d a207775 cCHAP aPA 646.7 K59 aKyosaki, Robert T. aPadre rico, padre pobre para jóvenes :b ¡Los secretos para ganar dinero que no te enseñan en la escuela! /c por Robert T. Kiyosaki aMéxico, D.F. :b Aguilar a138 p. aMotivación (psicología) aSuperación personal